|
|
|
|
| LEADER |
00557nam a22001457a 4500 |
| 008 |
151210b xxu||||| |||| 00| 0 eng d |
| 100 |
|
|
|a Sujit
|
| 245 |
|
|
|a Tribes of Meghalaya /
|b directed by Sujit and B.B. Lahker
|
| 260 |
|
|
|a New Delhi :
|b Indira Gandhi National Centre for the Arts,
|
| 300 |
|
|
|a .
|b Duration : 58 min. 34 sec.
|
| 650 |
|
|
|a Wanglas -- Festival
|
| 700 |
|
|
|a Lahker, B.B.
|
| 942 |
|
|
|2 ddc
|c CD
|
| 999 |
|
|
|c 13267
|d 13267
|
| 952 |
|
|
|0 0
|1 0
|2 ddc
|4 0
|7 0
|9 18936
|a MAIN
|b MAIN
|d 2015-12-10
|e Indira Gandhi National Centre for the Arts
|p CD0014
|r 2015-12-10
|t 1
|w 2015-12-10
|y CD
|